Complete the Movie Title (2009) - Statistics

General Stats
  • This quiz has been taken 431 times
  • The average score is 18 of 25
Answer Stats
Hint Answer % Correct
Angels & ______ Demons
93%
Cloudy with a Chance of _________ Meatballs
93%
A Christmas _____ Carol
91%
Harry Potter and the Half-Blood ______ Prince
91%
Julie & _____ Julia
90%
Slumdog ___________ Millionaire
90%
The Final ___________ Destination
88%
Confessions of a __________ Shopaholic
82%
My Bloody _________ Valentine
81%
Ice Age: ____ of the Dinosaurs Dawn
80%
Transformers: _______ of the Fallen Revenge
78%
I Love You, ____ Beth Cooper
77%
Hotel for ____ Dogs
75%
____ of the Lost Land
74%
_____ Assassin Ninja
73%
Terminator _________ Salvation
73%
The Twilight Saga: New ____ Moon
68%
A Perfect _______ Getaway
66%
Race to _____ Mountain Witch
62%
The Invention of _____ Lying
61%
Underworld: Rise of the ______ Lycans
60%
The ________ in Connecticut Haunting
59%
The _____: Live Hard, Sell Hard Goods
48%
_____ Goes to Jail Madea
41%
Last Chance ______ Harvey
39%
No matching quizzes found
Score Distribution
Percent of People with Each Score
Percentile by Number Answered
Your Score History
You have not taken this quiz